00781cam a2200205 a 450000100100000000500170001000800410002702000150006804000290008308200220011210000300013424501930016426000370035730000350039465100210042965000320045070000210048270000230050371000490052600001425020200929163535.0870415s1987 mx a b 000 0 spa  a9681317696 aDO-SdBNPbspacLCdBNPHU a381.0985bS718ó1 aSoto, Hernando de,d1941-13aEl otro sendero :bla revolución informal /cHernando de Soto ; colaboración Enrique Ghersi, Mario Ghibellini y el Instituto Libertad y Democracia (ILD) ; prólogo Mario Vargas Llosa. aMéxico, D. F. :bDiana,c1987. axxxvi, 317 p. :bil. ;c24 cm. 4aPerúxComercio 4aEconomía informalzPerú1 aGhersi, Enrique.1 aGhibellini, Mario.1 aInstituto Libertad y Democracia (Lima, Peru)